Fundamentals of information theory and coding design / (Record no. 174718)
[ view plain ]
| 000 -LEADER | |
|---|---|
| fixed length control field | 01187 a2200253 4500 |
| 003 - CONTROL NUMBER IDENTIFIER | |
| control field | Nust |
| 005 - DATE AND TIME OF LATEST TRANSACTION | |
| control field | 20220720111542.0 |
| 010 ## - LIBRARY OF CONGRESS CONTROL NUMBER | |
| LC control number | 2002191160 |
| 020 ## - INTERNATIONAL STANDARD BOOK NUMBER | |
| International Standard Book Number | 1584883103 (alk. paper) |
| 040 ## - CATALOGING SOURCE | |
| Transcribing agency | Nust |
| 082 00 - DEWEY DECIMAL CLASSIFICATION NUMBER | |
| Classification number | 003.54,TOG |
| 100 1# - MAIN ENTRY--PERSONAL NAME | |
| Personal name | Togneri, Roberto. |
| 9 (RLIN) | 94019 |
| 245 10 - TITLE STATEMENT | |
| Title | Fundamentals of information theory and coding design / |
| Statement of responsibility, etc. | Roberto Togneri, Christopher J.S. deSilva. |
| 260 ## - PUBLICATION, DISTRIBUTION, ETC. | |
| Place of publication, distribution, etc. | Boca Raton : |
| Name of publisher, distributor, etc. | Chapman & Hall/CRC, |
| Date of publication, distribution, etc. | c2002. |
| 300 ## - PHYSICAL DESCRIPTION | |
| Extent | xii, 385 p. : |
| Other physical details | ill. ; |
| Dimensions | 24 cm. |
| 440 #0 - SERIES STATEMENT/ADDED ENTRY--TITLE | |
| Title | Discrete mathematics and its applications |
| 9 (RLIN) | 3105 |
| 505 ## - FORMATTED CONTENTS NOTE | |
| Formatted contents note | Entropy and Information (Page-1), Information Channels (Page-51), Source Coding (Page-105), Data Compression (Page-171), Fundamentals of Channel Coding (Page-199), Error-Correcting Codes (Page-235), Cyclic Codes (Page-281), Burst-Correcting Codes (Page-319). |
| 650 #0 - SUBJECT ADDED ENTRY--TOPICAL TERM | |
| Topical term or geographic name entry element | Coding theory. |
| 9 (RLIN) | 3106 |
| 650 #0 - SUBJECT ADDED ENTRY--TOPICAL TERM | |
| Topical term or geographic name entry element | Information theory. |
| 9 (RLIN) | 3107 |
| 651 ## - SUBJECT ADDED ENTRY--GEOGRAPHIC NAME | |
| Geographic name | Entropy and Information Page 1 |
| General subdivision | Information Channels Page 51 |
| -- | Source Coding Page 105 |
| 9 (RLIN) | 3108 |
| 700 1# - ADDED ENTRY--PERSONAL NAME | |
| Personal name | DeSilva, Christopher J. S. |
| 9 (RLIN) | 3109 |
| 856 42 - ELECTRONIC LOCATION AND ACCESS | |
| Materials specified | Almirah No. 20 shelf No. 1 |
| Uniform Resource Identifier | <a href="http://www.loc.gov/catdir/enhancements/fy0646/2002191160-d.html">http://www.loc.gov/catdir/enhancements/fy0646/2002191160-d.html</a> |
| 942 ## - ADDED ENTRY ELEMENTS (KOHA) | |
| Koha item type | Reference |
| Source of classification or shelving scheme | |
| Withdrawn status | Lost status | Source of classification or shelving scheme | Damaged status | Not for loan | Permanent Location | Current Location | Shelving location | Date acquired | Full call number | Barcode | Date last seen | Price effective from | Koha item type | Public note |
|---|---|---|---|---|---|---|---|---|---|---|---|---|---|---|
| Military College of Signals (MCS) | Military College of Signals (MCS) | Reference | 12/12/2016 | 003.54,TOG | MCS30780 | 12/08/2016 | 12/12/2016 | Reference | Almirah No.17, Shelf No.1 |
